Thầy thông ngôn tiểu thuyết
Αποθηκεύτηκε σε:
| Κύριος συγγραφέας: | |
|---|---|
| Μορφή: | Βιβλίο |
| Γλώσσα: | Vietnamese |
| Έκδοση: |
Tp. Hồ Chí Minh
Văn hóa Sài Gòn
2006
|
| Θέματα: | |
| Ετικέτες: |
Προσθήκη ετικέτας
Δεν υπάρχουν, Καταχωρήστε ετικέτα πρώτοι!
|
| Thư viện lưu trữ: | Mạng thư viện Đại học Đà Nẵng |
|---|
| LEADER | 01010nam a2200313 4500 | ||
|---|---|---|---|
| 001 | 000005925 | ||
| 003 | 2078 | ||
| 005 | 20120510080552.0 | ||
| 008 | 110825s2006 viesd | ||
| 020 | |c 19000 | ||
| 041 | 0 | |a vie | |
| 082 | |a 895.9223 |b HO-C | ||
| 100 | 0 | |a Hồ Biểu Chánh | |
| 245 | 0 | |a Thầy thông ngôn |b tiểu thuyết |c Hồ Biểu Chánh | |
| 260 | |a Tp. Hồ Chí Minh |b Văn hóa Sài Gòn |c 2006 | ||
| 300 | |a 148 tr. |c 20 cm | ||
| 653 | |a Văn học Việt Nam | ||
| 653 | |a Tiểu thuyết | ||
| 653 | |a Hồ Biểu Chánh | ||
| OWN | |a LSP | ||
| AVA | |a UDN50 |b LSP |d 895.9223 HO-C |e available |t Error 5001 Not defined in file expand_doc_bib_avail. |f 7 |g 0 |h N |i 0 |k 1 | ||
| 999 | |a From the UDN01 | ||
| AVA | |a UDN50 |b LSP |d 895.9223 HO-C |e available |t Error 5001 Not defined in file expand_doc_bib_avail. |f 7 |g 0 |h N |i 0 |k 1 | ||
| TYP | |a Monograph | ||
| TYP | |a Printed language | ||
| 980 | |a Mạng thư viện Đại học Đà Nẵng | ||